[Event "Madrid ch Sub-12 2021"]
[Site "Madrid ESP"]
[Date "2021.04.17"]
[Round "1.1"]
[White "Corchon Granero, Mateo"]
[Black "Rey Martinez, Jaime"]
[Result "0-1"]
[WhiteElo "1244"]
[BlackElo "1932"]
[PlyCount "62"]
[EventDate "2021.04.17"]
[EventType "swiss"]
[EventRounds "5"]
[EventCountry "ESP"]
[SourceTitle "Ajedrez en Madrid"]
[Source "lmi"]
[SourceDate "2021.04.17"]
[SourceVersion "1"]
[SourceVersionDate "2021.04.29"]
[SourceQuality "1"]

1. e4 c5 2. Nf3 e6 3. Nc3 Nc6 4. Bc4 Nf6 5. d3 d5 6. Bb3 b5 7. a4 b4 8. exd5
exd5 9. Ne2 Bg4 10. Ng3 Nd4 11. Ba2 Bd6 12. Bg5 O-O 13. Bxd5 Qe8+ 14. Be4 Nxe4
15. dxe4 f5 16. e5 Bxe5 17. O-O Bxf3 18. gxf3 f4 19. Ne4 h6 20. Bh4 Qh5 21. Be7
Nxf3+ 22. Kg2 Qg4+ 23. Ng3 fxg3 24. Qd5+ Kh8 25. Bxf8 Nh4+ 26. Kg1 gxh2+ 27.
Kh1 Rxf8 28. f4 Bxb2 29. Rad1 Bd4 30. Qe4 Nf3 31. Rd3 Qg1+ 0-1

[Event "Madrid ch Sub-12 2021"]
[Site "Madrid ESP"]
[Date "2021.04.17"]
[Round "1.2"]
[White "Feal Albala, Alonso"]
[Black "Crespo Pedrero, Lorenzo"]
[Result "1/2-1/2"]
[WhiteElo "1570"]
[BlackElo "1177"]
[PlyCount "68"]
[EventDate "2021.04.17"]
[EventType "swiss"]
[EventRounds "5"]
[EventCountry "ESP"]
[SourceTitle "Ajedrez en Madrid"]
[Source "lmi"]
[SourceDate "2021.04.17"]
[SourceVersion "1"]
[SourceVersionDate "2021.04.29"]
[SourceQuality "1"]

1. d4 Nf6 2. Nc3 e6 3. e4 c5 4. d5 exd5 5. exd5 d6 6. Nf3 Bf5 7. Bb5+ Nbd7 8.
O-O Be7 9. Bf4 O-O 10. Bd3 Bxd3 11. Qxd3 Re8 12. Nh4 Nh5 13. Nf5 Nxf4 14. Qg3
Nh5 15. Nh6+ Kf8 16. Qf3 gxh6 17. Qxh5 Bg5 18. f4 Bf6 19. Qxh6+ Kg8 20. Rf3 Bg7
21. Qxd6 Bd4+ 22. Kh1 Nf6 23. Rg3+ Kh8 24. Nb5 Qxd6 25. Nxd6 Re7 26. c3 Bf2 27.
Rf3 Re1+ 28. Rxe1 Bxe1 29. Nxf7+ Kg7 30. Ng5 Nxd5 31. Ne6+ Kh8 32. Nxc5 Re8 33.
Nd3 Bh4 34. c4 Nb6 1/2-1/2

[Event "Madrid ch Sub-12 2021"]
[Site "Madrid ESP"]
[Date "2021.04.17"]
[Round "1.3"]
[White "Kohn Garcia, Alejandro"]
[Black "Rojas Fernandez, Antonio"]
[Result "0-1"]
[WhiteElo "1174"]
[BlackElo "1563"]
[PlyCount "108"]
[EventDate "2021.04.17"]
[EventType "swiss"]
[EventRounds "5"]
[EventCountry "ESP"]
[SourceTitle "Ajedrez en Madrid"]
[Source "lmi"]
[SourceDate "2021.04.17"]
[SourceVersion "1"]
[SourceVersionDate "2021.04.29"]
[SourceQuality "1"]

1. e4 e5 2. Nf3 Nc6 3. Bc4 Bc5 4. Nc3 Nf6 5. d3 h6 6. h3 d6 7. Na4 Bb6 8. Nxb6
axb6 9. a3 Be6 10. Bxe6 fxe6 11. Qe2 Qe7 12. O-O O-O 13. Bd2 Qf7 14. Rfe1 Nh5
15. c3 Nf4 16. Bxf4 Qxf4 17. Qe3 Qf6 18. d4 exd4 19. Nxd4 e5 20. Nxc6 bxc6 21.
f3 Rfe8 22. Qd3 Qf7 23. Rad1 Rad8 24. Qc2 Qc4 25. Kh1 Ra8 26. b3 Qc5 27. a4 Ra7
28. c4 b5 29. axb5 cxb5 30. Rc1 b4 31. Qd2 Ra3 32. Rb1 c6 33. Rb2 Qd4 34. Rd1
c5 35. Kh2 Rea8 36. Rdb1 Kh8 37. Kg3 Kg8 38. Kh2 Kf8 39. Kg3 Ke7 40. Qxd4 exd4
41. Kf4 Kf6 42. g4 g5+ 43. Kg3 Ke5 44. Rd1 Ra2 45. Rdd2 Rxb2 46. Rxb2 Ra3 47.
Rb1 d3 48. Kf2 Kd4 49. h4 Ra2+ 50. Ke1 Ke3 51. hxg5 hxg5 52. Rd1 d2+ 53. Kf1
Kxf3 54. Rb1 Rc2 0-1

[Event "Madrid ch Sub-12 2021"]
[Site "Madrid ESP"]
[Date "2021.04.17"]
[Round "1.4"]
[White "Lopez Carrazana, Darvin Alejandro"]
[Black "Garcia Estebanez, Diego"]
[Result "0-1"]
[WhiteElo "1478"]
[BlackElo "1154"]
[PlyCount "90"]
[EventDate "2021.04.17"]
[EventType "swiss"]
[EventRounds "5"]
[EventCountry "ESP"]
[SourceTitle "Ajedrez en Madrid"]
[Source "lmi"]
[SourceDate "2021.04.17"]
[SourceVersion "1"]
[SourceVersionDate "2021.04.29"]
[SourceQuality "1"]

1. e4 e5 2. Nf3 Nc6 3. Bc4 Nf6 4. Ng5 d5 5. exd5 Na5 6. Bb5+ c6 7. dxc6 bxc6 8.
Bd3 e4 9. Nxe4 Nxe4 10. Bxe4 Qe7 11. O-O Qf6 12. Nc3 Bd6 13. a3 O-O 14. b4 Nb7
15. Bxc6 Qh6 16. h3 Qg6 17. Be4 Qg5 18. d3 Qe5 19. f4 Qxc3 20. Bd2 Qd4+ 21. Kh1
Qf6 22. Qh5 h6 23. Rab1 Be7 24. Be3 a5 25. bxa5 Rxa5 26. Bxb7 Rxh5 27. Be4 Bf5
28. Rb6 Bd6 29. Bf3 Rh4 30. c4 Bxh3 31. c5 Bxg2+ 32. Kxg2 Qg6+ 33. Kf2 Rh2+ 34.
Ke1 Qxd3 35. Rxd6 Qc3+ 36. Bd2 Re8+ 37. Kd1 Rb8 38. Be4 Qb3+ 39. Bc2 Qxa3 40.
Rc6 Qa1+ 41. Bc1 Rd8+ 42. Rd6 Rxd6+ 43. cxd6 Qd4+ 44. Ke1 Rxc2 45. d7 Qe4+ 0-1

[Event "Madrid ch Sub-12 2021"]
[Site "Madrid ESP"]
[Date "2021.04.17"]
[Round "1.5"]
[White "Bonilla Almeida, Hugo"]
[Black "Cousido Schwarz, Santiago"]
[Result "0-1"]
[WhiteElo "1032"]
[BlackElo "1460"]
[PlyCount "102"]
[EventDate "2021.04.17"]
[EventType "swiss"]
[EventRounds "5"]
[EventCountry "ESP"]
[SourceTitle "Ajedrez en Madrid"]
[Source "lmi"]
[SourceDate "2021.04.17"]
[SourceVersion "1"]
[SourceVersionDate "2021.04.29"]
[SourceQuality "1"]

1. e4 c5 2. Nc3 Nc6 3. Nf3 d6 4. h3 Nf6 5. Bb5 Bd7 6. a3 a6 7. Bxc6 Bxc6 8. d3
e6 9. Bg5 Be7 10. Qd2 h6 11. Bh4 b5 12. Bg3 d5 13. e5 Nd7 14. Ne2 Qc7 15. Bf4
d4 16. Neg1 Rd8 17. c3 dxc3 18. bxc3 Nb6 19. Rd1 c4 20. d4 Bxa3 21. Ne2 Nd5 22.
Be3 b4 23. O-O bxc3 24. Qa2 Bb2 25. Rfe1 c2 26. Rd2 c3 27. Rxc2 Nb4 28. Qb3
Nxc2 29. Qxc2 Bd5 30. Rb1 Qc6 31. Rxb2 cxb2 32. Qxb2 Bxf3 33. gxf3 Qxf3 34. Ng3
O-O 35. Qb6 h5 36. h4 Qg4 37. Bg5 Rb8 38. Qc6 Qh3 39. Qc2 Rfc8 40. Qa2 Rb4 41.
Qe2 Rb1+ 42. Nf1 Qg4+ 43. Qxg4 hxg4 44. Kg2 a5 45. Nd2 Rd1 46. Nb3 a4 47. Na5
Rxd4 48. Be7 Rd5 49. Bd6 Rxa5 50. Ba3 Rxe5 51. Kg3 Rc3+ 0-1

[Event "Madrid ch Sub-12 2021"]
[Site "Madrid ESP"]
[Date "2021.04.17"]
[Round "1.6"]
[White "Blazquez Sanz, Oscar"]
[Black "Garcia Trabanca, Ana"]
[Result "0-1"]
[WhiteElo "1299"]
[BlackElo "1022"]
[PlyCount "62"]
[EventDate "2021.04.17"]
[EventType "swiss"]
[EventRounds "5"]
[EventCountry "ESP"]
[SourceTitle "Ajedrez en Madrid"]
[Source "lmi"]
[SourceDate "2021.04.17"]
[SourceVersion "1"]
[SourceVersionDate "2021.04.29"]
[SourceQuality "1"]

1. e4 c5 2. Nf3 d6 3. c3 Nf6 4. h3 Nbd7 5. Bd3 e6 6. Bc2 Be7 7. d4 cxd4 8. cxd4
b6 9. Nc3 Ba6 10. b4 Rc8 11. Bb2 O-O 12. b5 Bb7 13. Qd3 e5 14. d5 Nc5 15. Qe2
a6 16. Na4 axb5 17. Qxb5 Ncxe4 18. Bxe4 Nxe4 19. Nxb6 Rc5 20. Qb3 Ba6 21. Na4
Qa5+ 22. Bc3 Nxc3 23. Nxc5 Ne4+ 24. Kd1 Nxf2+ 25. Kc2 Qxc5+ 26. Kb2 e4 27. Rhc1
Nd3+ 28. Qxd3 Rb8+ 29. Qb3 Bf6+ 30. Rc3 Qxc3+ 31. Ka3 Rxb3+ 0-1

[Event "Madrid ch Sub-12 2021"]
[Site "Madrid ESP"]
[Date "2021.04.17"]
[Round "2.1"]
[White "Rey Martinez, Jaime"]
[Black "Bartolome Benito, Alejandro"]
[Result "1-0"]
[WhiteElo "1932"]
[BlackElo "1268"]
[PlyCount "63"]
[EventDate "2021.04.17"]
[EventType "swiss"]
[EventRounds "5"]
[EventCountry "ESP"]
[SourceTitle "Ajedrez en Madrid"]
[Source "lmi"]
[SourceDate "2021.04.17"]
[SourceVersion "1"]
[SourceVersionDate "2021.04.29"]
[SourceQuality "1"]

1. e4 c5 2. Nf3 Nc6 3. d4 cxd4 4. Nxd4 Nf6 5. Nc3 e5 6. Ndb5 d6 7. Bg5 a6 8.
Bxf6 gxf6 9. Na3 Be6 10. Bc4 Qd7 11. Bxe6 fxe6 12. Nc4 Qc7 13. Qh5+ Qf7 14. Qh3
O-O-O 15. Ne3 Nd4 16. b4 b6 17. Ne2 Nxe2 18. Kxe2 h5 19. a4 Bh6 20. c4 Bxe3 21.
Qxe3 Qc7 22. Rhc1 Kd7 23. a5 Rb8 24. c5 dxc5 25. axb6 Qxb6 26. bxc5 Qc6 27.
Qd3+ Kc7 28. Rxa6 Qb5 29. Rxe6 Qb2+ 30. Rc2 Rhd8 31. Re7+ Kc6 32. Qa6+ 1-0

[Event "Madrid ch Sub-12 2021"]
[Site "Madrid ESP"]
[Date "2021.04.17"]
[Round "2.2"]
[White "Rojas Fernandez, Antonio"]
[Black "Garcia Estebanez, Diego"]
[Result "1-0"]
[WhiteElo "1563"]
[BlackElo "1154"]
[PlyCount "39"]
[EventDate "2021.04.17"]
[EventType "swiss"]
[EventRounds "5"]
[EventCountry "ESP"]
[SourceTitle "Ajedrez en Madrid"]
[Source "lmi"]
[SourceDate "2021.04.17"]
[SourceVersion "1"]
[SourceVersionDate "2021.04.29"]
[SourceQuality "1"]

1. e4 e5 2. Nf3 Nc6 3. Bc4 Nf6 4. d3 h6 5. h3 Bc5 6. Be3 Bxe3 7. fxe3 O-O 8.
Nc3 d6 9. O-O Nh5 10. Qe1 Qf6 11. Kh2 Ne7 12. g4 Qg6 13. gxh5 Qxh5 14. Qh4 Qg6
15. Rg1 Qh7 16. Qxe7 h5 17. Qh4 Qh6 18. Qg5 Qh7 19. Nd5 f6 20. Nxf6+ 1-0

[Event "Madrid ch Sub-12 2021"]
[Site "Madrid ESP"]
[Date "2021.04.17"]
[Round "2.3"]
[White "Cousido Schwarz, Santiago"]
[Black "Garcia Trabanca, Ana"]
[Result "1-0"]
[WhiteElo "1460"]
[BlackElo "1022"]
[PlyCount "63"]
[EventDate "2021.04.17"]
[EventType "swiss"]
[EventRounds "5"]
[EventCountry "ESP"]
[SourceTitle "Ajedrez en Madrid"]
[Source "lmi"]
[SourceDate "2021.04.17"]
[SourceVersion "1"]
[SourceVersionDate "2021.04.29"]
[SourceQuality "1"]

1. c4 Nf6 2. g3 g6 3. Bg2 Bg7 4. Nf3 O-O 5. O-O d6 6. Nc3 c6 7. d4 Re8 8. Bf4
Bf5 9. Re1 Ne4 10. Qb3 Qd7 11. Rad1 c5 12. Nxe4 Bxe4 13. dxc5 Qf5 14. Qe3 dxc5
15. Nh4 Qe6 16. Qxe4 Nc6 17. Qxe6 fxe6 18. Bh3 e5 19. Be6+ Kf8 20. Be3 Nd4 21.
Bxd4 exd4 22. Rd3 Bf6 23. Rf3 Kg7 24. Ng2 Rab8 25. e4 dxe3 26. Nxe3 Rf8 27. b3
b5 28. Ng4 bxc4 29. Bxc4 h5 30. Nxf6 Rxf6 31. Rxe7+ Kf8 32. Rf7+ 1-0

[Event "Madrid ch Sub-12 2021"]
[Site "Madrid ESP"]
[Date "2021.04.17"]
[Round "2.4"]
[White "Vioque Gonzalez, Nicolas"]
[Black "Feal Albala, Alonso"]
[Result "1-0"]
[WhiteElo "1291"]
[BlackElo "1570"]
[PlyCount "47"]
[EventDate "2021.04.17"]
[EventType "swiss"]
[EventRounds "5"]
[EventCountry "ESP"]
[SourceTitle "Ajedrez en Madrid"]
[Source "lmi"]
[SourceDate "2021.04.17"]
[SourceVersion "1"]
[SourceVersionDate "2021.04.29"]
[SourceQuality "1"]

1. d4 Nf6 2. Nc3 d5 3. Bg5 e6 4. e4 dxe4 5. Nxe4 Be7 6. Bxf6 Bxf6 7. Nf3 Nc6 8.
Bb5 Bd7 9. c3 a6 10. Bd3 Qe7 11. Qe2 O-O 12. h4 e5 13. d5 Na7 14. O-O-O Bg4 15.
Rde1 Bxh4 16. g3 Bxf3 17. Qxf3 Bg5+ 18. Kb1 h6 19. Nxg5 Qxg5 20. Rh5 Qd2 21.
Rd1 e4 22. Bxe4 Qxd1+ 23. Qxd1 Rae8 24. Bd3 1-0

[Event "Madrid ch Sub-12 2021"]
[Site "Madrid ESP"]
[Date "2021.04.17"]
[Round "2.6"]
[White "Kohn Garcia, Alejandro"]
[Black "Lopez Carrazana, Darvin Alejandro"]
[Result "0-1"]
[WhiteElo "1174"]
[BlackElo "1478"]
[PlyCount "60"]
[EventDate "2021.04.17"]
[EventType "swiss"]
[EventRounds "5"]
[EventCountry "ESP"]
[SourceTitle "Ajedrez en Madrid"]
[Source "lmi"]
[SourceDate "2021.04.17"]
[SourceVersion "1"]
[SourceVersionDate "2021.04.29"]
[SourceQuality "1"]

1. e4 c5 2. Nc3 d6 3. g3 Nc6 4. Bg2 Nf6 5. d3 g6 6. f4 Bg7 7. Nf3 Bd7 8. O-O
O-O 9. Bd2 Qc8 10. Qe2 Bh3 11. Bxh3 Qxh3 12. Qg2 Qxg2+ 13. Kxg2 a6 14. a3 b5
15. Na2 Nd7 16. Bc3 a5 17. Bxg7 Kxg7 18. c3 Ra7 19. Nc1 Rfa8 20. Ne2 b4 21. c4
bxa3 22. bxa3 Rb7 23. Rab1 Rab8 24. Nc3 Rb3 25. Rfc1 Rxa3 26. Rxb8 Ndxb8 27.
Ne1 Nd4 28. Nd5 Nbc6 29. Kf2 Ra2+ 30. Ke3 Re2# 0-1

[Event "Madrid ch Sub-12 2021"]
[Site "Madrid ESP"]
[Date "2021.04.17"]
[Round "2.7"]
[White "Bonilla Almeida, Hugo"]
[Black "Blazquez Sanz, Oscar"]
[Result "0-1"]
[WhiteElo "1032"]
[BlackElo "1299"]
[PlyCount "120"]
[EventDate "2021.04.17"]
[EventType "swiss"]
[EventRounds "5"]
[EventCountry "ESP"]
[SourceTitle "Ajedrez en Madrid"]
[Source "lmi"]
[SourceDate "2021.04.17"]
[SourceVersion "1"]
[SourceVersionDate "2021.04.29"]
[SourceQuality "1"]

1. e4 e6 2. d4 d5 3. e5 c5 4. c3 Nc6 5. Be3 Qb6 6. Qd2 cxd4 7. cxd4 Bb4 8. Nc3
Nge7 9. a3 Bxc3 10. bxc3 Nf5 11. Bd3 Nxe3 12. fxe3 Bd7 13. Nf3 Rc8 14. O-O Na5
15. Rab1 Qc7 16. Rfc1 a6 17. Qb2 O-O 18. Qf2 h6 19. h3 b5 20. Nh2 Nc4 21. Ng4
Rfe8 22. Nxh6+ gxh6 23. Qh4 Nxe3 24. Qxh6 Nf5 25. Qg5+ Kf8 26. h4 Qd8 27. Bxf5
Qxg5 28. hxg5 exf5 29. Kf2 Rc6 30. Kf3 Rec8 31. Rb3 a5 32. Kf2 b4 33. axb4 axb4
34. Rxb4 Rxc3 35. Rxc3 Rxc3 36. Rb8+ Rc8 37. Rb7 Be6 38. Rb6 Rc4 39. Ke3 Rc3+
40. Kf2 Rd3 41. Rb4 Kg7 42. Ke2 Rg3 43. Kf2 f4 44. Rb8 Kg6 45. Rg8+ Kf5 46. Rb8
Ke4 47. Rb4 Rxg5 48. Kg1 Rg3 49. Kf2 Rd3 50. g4 fxg3+ 51. Kg2 Rxd4 52. Rxd4+
Kxd4 53. Kxg3 Kxe5 54. Kf3 d4 55. Ke2 Bb3 56. Kd3 f5 57. Kd2 Ke4 58. Ke2 d3+
59. Kd2 f4 60. Ke1 Ke3 0-1

[Event "Madrid ch Sub-12 2021"]
[Site "Madrid ESP"]
[Date "2021.04.18"]
[Round "3.1"]
[White "Rojas Fernandez, Antonio"]
[Black "Rey Martinez, Jaime"]
[Result "0-1"]
[WhiteElo "1563"]
[BlackElo "1932"]
[PlyCount "136"]
[EventDate "2021.04.17"]
[EventType "swiss"]
[EventRounds "5"]
[EventCountry "ESP"]
[SourceTitle "Ajedrez en Madrid"]
[Source "lmi"]
[SourceDate "2021.04.17"]
[SourceVersion "1"]
[SourceVersionDate "2021.04.29"]
[SourceQuality "1"]

1. e4 c5 2. b3 Nf6 3. e5 Nd5 4. Bb2 e6 5. Bc4 Nb6 6. Be2 Qg5 7. Nf3 Qxg2 8. Rg1
Qh3 9. Nc3 Nc6 10. Nb5 Rb8 11. Nc7+ Kd8 12. Nb5 h6 13. Nd6 Bxd6 14. exd6 Rg8
15. Bxg7 Ke8 16. Rg3 Qf5 17. Bb2 Rxg3 18. hxg3 Qd5 19. d3 Qxd6 20. Qd2 e5 21.
O-O-O Kf8 22. Rh1 Qf6 23. Rxh6 Qg7 24. Rh4 d6 25. Ng5 Bf5 26. Bg4 Bg6 27. f4
Ne7 28. Qh2 Rd8 29. Kb1 Nbd5 30. Be6 Nf6 31. fxe5 dxe5 32. Bxe5 Rxd3 33. cxd3
Bxd3+ 34. Kb2 Qxg5 35. Rh8+ Nfg8 36. Bc3 fxe6 37. Qf2+ Ke8 38. Qf3 Ba6 39. Bf6
Qg6 40. Qf4 Kd7 41. Bc3 Nc6 42. Qf8 Nge7 43. Qf2 b6 44. Rh1 Nd5 45. Rd1 Kc7 46.
Qf3 Qh7 47. Rd2 Bb7 48. Qg4 Nxc3 49. Kxc3 Qh8+ 50. Kc2 Nd4+ 51. Kc1 Bd5 52.
Qf4+ e5 53. Qg5 Kd6 54. Qg6+ Be6 55. Qg5 Qh1+ 56. Kb2 Qh8 57. Kc1 e4 58. Qf4+
Kd5 59. g4 Qh3 60. Kb1 Qc3 61. Qg5+ Kc6 62. Rh2 e3 63. Qe5 e2 64. Rxe2 Qd3+ 65.
Ka1 Qxe2 66. Qh5 Qd1+ 67. Kb2 Qc2+ 68. Ka3 Nb5+ 0-1

[Event "Madrid ch Sub-12 2021"]
[Site "Madrid ESP"]
[Date "2021.04.18"]
[Round "3.2"]
[White "Vioque Gonzalez, Nicolas"]
[Black "Cousido Schwarz, Santiago"]
[Result "1-0"]
[WhiteElo "1291"]
[BlackElo "1460"]
[PlyCount "81"]
[EventDate "2021.04.17"]
[EventType "swiss"]
[EventRounds "5"]
[EventCountry "ESP"]
[SourceTitle "Ajedrez en Madrid"]
[Source "lmi"]
[SourceDate "2021.04.17"]
[SourceVersion "1"]
[SourceVersionDate "2021.04.29"]
[SourceQuality "1"]

1. d4 d5 2. Nc3 Nf6 3. Bg5 Nbd7 4. Nf3 e6 5. e3 Be7 6. Bd3 O-O 7. O-O h6 8. Bh4
c5 9. Ne5 c4 10. Be2 a6 11. a4 Qc7 12. f4 Nxe5 13. fxe5 Nh7 14. Qe1 Qd8 15.
Bxe7 Qxe7 16. h4 Rb8 17. Qg3 Bd7 18. Rf2 Qb4 19. Nd1 Bxa4 20. c3 Qb5 21. b4
Bxd1 22. Bxd1 Qd7 23. Ba4 b5 24. Bd1 Ra8 25. Ra5 Qc7 26. Bc2 f5 27. Bd1 g5 28.
Bh5 Kg7 29. Kh2 Qe7 30. Rfa2 Qb7 31. Qh3 Qc6 32. g3 Rh8 33. Qf1 Nf8 34. Qa1 Ng6
35. Rxa6 Rxa6 36. Rxa6 Ra8 37. Rxa8 Nf8 38. Qa7+ Qd7 39. Qxd7+ Nxd7 40. Ra7 g4
41. Rxd7+ 1-0

[Event "Madrid ch Sub-12 2021"]
[Site "Madrid ESP"]
[Date "2021.04.18"]
[Round "3.3"]
[White "Lopez Carrazana, Darvin Alejandro"]
[Black "Crespo Pedrero, Lorenzo"]
[Result "1-0"]
[WhiteElo "1478"]
[BlackElo "1177"]
[PlyCount "91"]
[EventDate "2021.04.17"]
[EventType "swiss"]
[EventRounds "5"]
[EventCountry "ESP"]
[SourceTitle "Ajedrez en Madrid"]
[Source "lmi"]
[SourceDate "2021.04.17"]
[SourceVersion "1"]
[SourceVersionDate "2021.04.29"]
[SourceQuality "1"]

1. e4 c6 2. d4 d5 3. exd5 cxd5 4. Nf3 Nf6 5. Nc3 Bf5 6. Bb5+ Nbd7 7. Bg5 Qb6 8.
O-O g6 9. Bxf6 Qxf6 10. Nxd5 Qd6 11. c4 Bg7 12. Ne5 O-O 13. Nxd7 Bxd7 14. Bxd7
Qxd7 15. Re1 e6 16. Ne3 Rfd8 17. d5 b5 18. dxe6 Qxe6 19. Qc2 bxc4 20. Qxc4 Qb6
21. Rab1 Rd2 22. Red1 Rad8 23. Rxd2 Rxd2 24. b4 Bd4 25. Re1 Kh8 26. h3 Qf6 27.
Rf1 Qf4 28. Qb3 Rb2 29. Qa3 Kg7 30. g3 Qf3 31. Qd3 Qf6 32. Ng4 Qb6 33. a3 h5
34. Ne3 Qf6 35. Qe4 Ra2 36. Qd3 Rb2 37. a4 h4 38. Ng4 Qb6 39. gxh4 Qxb4 40. Rd1
Bb6 41. Qf3 Qe7 42. Qc3+ Kh7 43. Qxb2 Qxh4 44. Kg2 f5 45. Rd7+ Kg8 46. Qg7# 1-0

[Event "Madrid ch Sub-12 2021"]
[Site "Madrid ESP"]
[Date "2021.04.18"]
[Round "3.4"]
[White "Blazquez Sanz, Oscar"]
[Black "Corchon Granero, Mateo"]
[Result "0-1"]
[WhiteElo "1299"]
[BlackElo "1244"]
[PlyCount "54"]
[EventDate "2021.04.17"]
[EventType "swiss"]
[EventRounds "5"]
[EventCountry "ESP"]
[SourceTitle "Ajedrez en Madrid"]
[Source "lmi"]
[SourceDate "2021.04.17"]
[SourceVersion "1"]
[SourceVersionDate "2021.04.29"]
[SourceQuality "1"]

1. e4 e5 2. Nf3 Nc6 3. Bb5 a6 4. Ba4 Bc5 5. c3 Nf6 6. d3 b5 7. Bb3 h6 8. O-O
O-O 9. Nbd2 Bb7 10. Re1 d6 11. Nf1 Ne7 12. d4 exd4 13. cxd4 Bb4 14. Bd2 Bxd2
15. N1xd2 Ng6 16. Qc2 Kh8 17. a4 Qd7 18. Rec1 Nf4 19. Kh1 Qg4 20. Rg1 Rae8 21.
d5 Re7 22. Rae1 Rfe8 23. axb5 axb5 24. h3 Qh5 25. Nd4 Nxh3 26. Rgf1 Ng4 27. f3
Nf4+ 0-1

[Event "Madrid ch Sub-12 2021"]
[Site "Madrid ESP"]
[Date "2021.04.18"]
[Round "3.5"]
[White "Garcia Estebanez, Diego"]
[Black "Bartolome Benito, Alejandro"]
[Result "0-1"]
[WhiteElo "1154"]
[BlackElo "1268"]
[PlyCount "78"]
[EventDate "2021.04.17"]
[EventType "swiss"]
[EventRounds "5"]
[EventCountry "ESP"]
[SourceTitle "Ajedrez en Madrid"]
[Source "lmi"]
[SourceDate "2021.04.17"]
[SourceVersion "1"]
[SourceVersionDate "2021.04.29"]
[SourceQuality "1"]

1. e4 c5 2. Nf3 Nc6 3. Nc3 e6 4. Bc4 Nf6 5. d3 d5 6. exd5 exd5 7. Qe2+ Be7 8.
Bb5 O-O 9. O-O Re8 10. Bg5 d4 11. Bxf6 Bxf6 12. Ne4 Bf5 13. Nfd2 Bg5 14. Qf3
Bxd2 15. Qxf5 Re5 16. Qg4 f5 17. Qe2 Bh6 18. Bc4+ Kh8 19. f4 Re8 20. g4 fxe4
21. g5 Bxg5 22. fxg5 Qxg5+ 23. Qg2 Qxg2+ 24. Kxg2 e3 25. Rae1 Rf8 26. c3 Ne5
27. cxd4 Nxc4 28. dxc4 cxd4 29. Rxf8+ Rxf8 30. b4 Rf2+ 31. Kg1 Rxa2 32. Rd1 Rd2
33. Rf1 Kg8 34. Re1 Kf7 35. Rf1+ Ke6 36. Rf4 Ke5 37. Kf1 Kxf4 38. c5 Kf3 39. c6
Rd1# 0-1

[Event "Madrid ch Sub-12 2021"]
[Site "Madrid ESP"]
[Date "2021.04.18"]
[Round "3.6"]
[White "Garcia Trabanca, Ana"]
[Black "Feal Albala, Alonso"]
[Result "0-1"]
[WhiteElo "1022"]
[BlackElo "1570"]
[PlyCount "62"]
[EventDate "2021.04.17"]
[EventType "swiss"]
[EventRounds "5"]
[EventCountry "ESP"]
[SourceTitle "Ajedrez en Madrid"]
[Source "lmi"]
[SourceDate "2021.04.17"]
[SourceVersion "1"]
[SourceVersionDate "2021.04.29"]
[SourceQuality "1"]

1. d4 Nf6 2. Nf3 d6 3. c4 g6 4. b3 Bg7 5. Bb2 O-O 6. g3 Nfd7 7. Nc3 e5 8. e3
exd4 9. Nxd4 Ne5 10. Bg2 Na6 11. O-O Nc5 12. Nce2 Ne6 13. Nc3 Nc5 14. Nce2 a5
15. a3 a4 16. Nc1 axb3 17. Ndxb3 Na4 18. Bxe5 Bxe5 19. Nd4 c5 20. f4 Bg7 21.
Nc6 bxc6 22. Bxc6 Rb8 23. Nd3 Bxa1 24. Qxa1 Bd7 25. Bg2 Rb3 26. Rd1 Bg4 27. Rd2
Qa5 28. Qa2 Rxa3 29. Qxa3 Qxd2 30. Nf2 Qe1+ 31. Bf1 Be2 0-1

[Event "Madrid ch Sub-12 2021"]
[Site "Madrid ESP"]
[Date "2021.04.24"]
[Round "4.1"]
[White "Rey Martinez, Jaime"]
[Black "Vioque Gonzalez, Nicolas"]
[Result "1-0"]
[WhiteElo "1932"]
[BlackElo "1291"]
[PlyCount "84"]
[EventDate "2021.04.17"]
[EventType "swiss"]
[EventRounds "5"]
[EventCountry "ESP"]
[SourceTitle "Ajedrez en Madrid"]
[Source "lmi"]
[SourceDate "2021.04.17"]
[SourceVersion "1"]
[SourceVersionDate "2021.04.29"]
[SourceQuality "1"]

1. e4 e5 2. Nf3 Nc6 3. Bb5 f5 4. Nc3 fxe4 5. Nxe4 Nf6 6. Nxf6+ Qxf6 7. Qe2 Be7
8. Bxc6 dxc6 9. Nxe5 O-O 10. O-O Bd6 11. d4 c5 12. c3 Re8 13. f4 cxd4 14. cxd4
a6 15. Bd2 Be6 16. a3 Bd5 17. Rae1 Re7 18. Qh5 Rf8 19. g4 Bf7 20. Qh3 Bd5 21.
Qg3 Rfe8 22. Re3 c5 23. Bc3 Rc8 24. f5 cxd4 25. Bxd4 Rc2 26. g5 Bxe5 27. gxf6
Bxg3 28. Rxg3 Ree2 29. Rxg7+ Kf8 30. Rd1 Rg2+ 31. Rxg2 Rxg2+ 32. Kf1 Bc6 33.
Be5 Rg5 34. Rd8+ Be8 35. Bc3 Rxf5+ 36. Kg2 Rg5+ 37. Kf3 Rh5 38. Kg3 Rg5+ 39.
Kf4 Rh5 40. Be5 Kf7 41. Rc8 Bd7 42. Rc7 Rf5+ 1-0

[Event "Madrid ch Sub-12 2021"]
[Site "Madrid ESP"]
[Date "2021.04.24"]
[Round "4.2"]
[White "Cousido Schwarz, Santiago"]
[Black "Rojas Fernandez, Antonio"]
[Result "0-1"]
[WhiteElo "1460"]
[BlackElo "1563"]
[PlyCount "128"]
[EventDate "2021.04.17"]
[EventType "swiss"]
[EventRounds "5"]
[EventCountry "ESP"]
[SourceTitle "Ajedrez en Madrid"]
[Source "lmi"]
[SourceDate "2021.04.17"]
[SourceVersion "1"]
[SourceVersionDate "2021.04.29"]
[SourceQuality "1"]

1. c4 e5 2. g3 Nf6 3. Bg2 Nc6 4. Nc3 Bc5 5. e3 d6 6. Nge2 a6 7. O-O O-O 8. a3
h6 9. d4 exd4 10. exd4 Ba7 11. Be3 Bf5 12. b4 Qd7 13. Qd2 Bh3 14. Nf4 Bxg2 15.
Kxg2 Ne7 16. Rfe1 Rfe8 17. Qd3 Rad8 18. Ne4 Nxe4 19. Qxe4 d5 20. Qf3 c6 21. c5
Nf5 22. Nd3 Bb8 23. Kg1 Re4 24. Ne5 Bxe5 25. dxe5 Rxe5 26. Bf4 Rxe1+ 27. Rxe1
Re8 28. Rxe8+ Qxe8 29. g4 Nd4 30. Qe3 Qxe3 31. Bxe3 Nb5 32. Bc1 f6 33. f4 h5
34. h3 hxg4 35. hxg4 g6 36. Bb2 f5 37. g5 Kf7 38. Kf2 d4 39. a4 Nc3 40. Bxc3
dxc3 41. Ke2 Ke6 42. Kd3 Kd5 43. Kxc3 Ke4 44. Kc4 Kxf4 45. b5 Ke3 46. bxc6 bxc6
47. Kb4 f4 48. Ka5 f3 49. Kxa6 f2 50. Kb6 f1=Q 51. Kxc6 Qa6+ 52. Kd5 Qxa4 53.
c6 Qa8 54. Kd6 Qc8 55. c7 Kf4 56. Kc6 Kxg5 57. Kd6 Kf5 58. Kc6 Ke6 59. Kb6 Kd6
60. Kb5 Qxc7 61. Kb4 Qc6 62. Kb3 Qc5 63. Kb2 Qc4 64. Ka1 Qb4 0-1

[Event "Madrid ch Sub-12 2021"]
[Site "Madrid ESP"]
[Date "2021.04.24"]
[Round "4.3"]
[White "Bartolome Benito, Alejandro"]
[Black "Lopez Carrazana, Darvin Alejandro"]
[Result "1-0"]
[WhiteElo "1268"]
[BlackElo "1478"]
[PlyCount "73"]
[EventDate "2021.04.17"]
[EventType "swiss"]
[EventRounds "5"]
[EventCountry "ESP"]
[SourceTitle "Ajedrez en Madrid"]
[Source "lmi"]
[SourceDate "2021.04.17"]
[SourceVersion "1"]
[SourceVersionDate "2021.04.29"]
[SourceQuality "1"]

1. e4 c5 2. Nf3 d6 3. d4 cxd4 4. Qxd4 Nc6 5. Bb5 Bd7 6. Bxc6 Bxc6 7. Nc3 Nf6 8.
Bg5 a6 9. O-O-O e5 10. Qd3 h6 11. Bxf6 Qxf6 12. Nd5 Qd8 13. h3 Rc8 14. Qa3 Bxd5
15. Rxd5 Qc7 16. c3 Be7 17. g4 g5 18. h4 f6 19. Rhd1 Rd8 20. Qb3 b5 21. Qa3 Qb6
22. R1d2 a5 23. Qb3 b4 24. cxb4 axb4 25. Rc2 h5 26. Qa4+ Kf7 27. Rb5 Ra8 28.
Qb3+ d5 29. Rxb6 hxg4 30. Qxd5+ Kg7 31. Qe6 Rae8 32. Rb7 Rhf8 33. hxg5 fxg5 34.
Rxe7+ Kh8 35. Kd2 Rd8+ 36. Rd7 Rxd7+ 37. Qxd7 1-0